| 000 -LEADER |
| fixed length control field |
01000nam a22001817a 4500 |
| 005 - DATE AND TIME OF LATEST TRANSACTION |
| control field |
20241204134854.0 |
| 008 - FIXED-LENGTH DATA ELEMENTS--GENERAL INFORMATION |
| fixed length control field |
230715b ||||| |||| 00| 0 eng d |
| 040 ## - CATALOGING SOURCE |
| Transcribing agency |
SSBUL |
| 082 ## - DEWEY DECIMAL CLASSIFICATION NUMBER |
| Edition number |
23 |
| Classification number |
၃၂၇.၅၉၁ သက် |
| Item number |
၁၆၀၁၈ (S-SAT) |
| 100 ## - MAIN ENTRY--PERSONAL NAME |
| Personal name |
သက်ထွန်း၊ |
| Titles and words associated with a name |
ဦး၊ |
| Miscellaneous information |
အငြိမ်းစားသံအမတ်ကြီး-။ |
| 9 (RLIN) |
28049 |
| 245 ## - TITLE STATEMENT |
| Title |
သံတို့အမြင်။ |
| Statement of responsibility, etc. |
အငြိမ်းစားသံအမတ်ကြီး ဦးသက်ထွန်း။ |
| 260 ## - PUBLICATION, DISTRIBUTION, ETC. |
| Place of publication, distribution, etc. |
ရန်ကုန် ၊ |
| Name of publisher, distributor, etc. |
မိတ်ကောင်း၊ |
| Date of publication, distribution, etc. |
[ခုနှစ်မပါ]။ |
| 300 ## - PHYSICAL DESCRIPTION |
| Extent |
၂၀၄ စာမျက်နှာ၊ |
| Other physical details |
ဓာတ်ပုံများ၊ |
| Dimensions |
၂၀ စင်တီ။ |
| 500 ## - GENERAL NOTE |
| General note |
S-SAT: Dr. Sai Aung Tun Collection |
| 650 ## - SUBJECT ADDED ENTRY--TOPICAL TERM |
| Topical term or geographic name entry element |
သံတမန်ရေးရာ။ |
| 9 (RLIN) |
28050 |
|
| Topical term or geographic name entry element |
နိင်ငံတကာဆက်ဆံရေး |
| Geographic subdivision |
မြန်မာနိုင်ငံ။ |
| 9 (RLIN) |
28051 |
| 942 ## - ADDED ENTRY ELEMENTS (KOHA) |
| Source of classification or shelving scheme |
|
| Koha item type |
Book (Short term) |